000
00342nam a2200145Ia 4500
008
221030s9999 xx 000 0 und d
041
_a
English
082
_a
105.23
100
_a
Avinash Sharma/90
245
0
_a
Contributory Provident Fund Information system
250
_a
2005
260
_a
Jammu
_c
2005
650
_a
MCA
942
_c
TH
999
_c
6146
_d
6146